[Event "NRW Class1 1112"]
[Site "Germany"]
[Date "2012.02.05"]
[Round "6.2"]
[White "Poley, Vladimir"]
[Black "Mantler, Hendrik"]
[Result "1-0"]
[WhiteElo "2369"]
[BlackElo "2144"]
[PlyCount "77"]
[EventDate "2011.09.18"]
[EventType "team-tourn"]
[EventRounds "9"]
[EventCountry "GER"]
[SourceTitle "EXT 2015"]
[Source "ChessBase"]
[SourceDate "2014.11.20"]
[SourceVersion "1"]
[SourceVersionDate "2014.11.20"]
[SourceQuality "1"]
[WhiteTeam "Oberhausen"]
[BlackTeam "Elberfeld"]
[WhiteTeamCountry "GER"]
[BlackTeamCountry "GER"]

1. b4 c5 2. bxc5 e5 3. e3 Bxc5 4. Bb2 Nc6 5. Nf3 Qb6 6. Qc1 Qc7 7. Nc3 a6 8. Nd5 Qd6 9. c4 Nge7 10. d4 exd4 11. exd4 Nxd5 12. dxc5 Qe7+ 13. Be2 Nc7 14. 0-0 0-0 15. Re1 Ne6 16. Qc3 Qxc5 17. Ba3 Qa5 18. Qxa5 Nxa5 19. Bxf8 Kxf8 20. Rad1 Nc6 21. Bd3 a5 22. h4 g6 23. Ng5 Kg7 24. Ne4 b6 25. Bf1 a4 26. Rb1 Rb8 27. Red1 Kf8 28. Nc3 Nc5 29. Nd5 Ba6 30. Nxb6 Ke8 31. Nd5 Rc8 32. Rd2 h6 33. Re1+ Kf8 34. Nf6 Rc7 35. Re8+ Kg7 36. Rd6 Ne6 37. Rexe6 Rb7 38. Re8 Rb2 39. Rg8# 1-0

[Event "NRW Class1 1112"]
[Site "Germany"]
[Date "2011.09.18"]
[Round "1.2"]
[White "De Gleria, Francesco"]
[Black "Mantler, Hendrik"]
[Result "1-0"]
[WhiteElo "2301"]
[BlackElo "2144"]
[PlyCount "87"]
[EventDate "2011.09.18"]
[EventType "team-tourn"]
[EventRounds "9"]
[EventCountry "GER"]
[SourceTitle "EXT 2015"]
[Source "ChessBase"]
[SourceDate "2014.11.20"]
[SourceVersion "1"]
[SourceVersionDate "2014.11.20"]
[SourceQuality "1"]
[WhiteTeam "Duesseldorf"]
[BlackTeam "Elberfeld"]
[WhiteTeamCountry "GER"]
[BlackTeamCountry "GER"]

1. e4 e5 2. Nf3 Nc6 3. Bb5 a6 4. Ba4 Nf6 5. 0-0 Be7 6. d3 b5 7. Bb3 d6 8. a3 0-0 9. h3 Nb8 10. Nc3 Nbd7 11. Ne2 Bb7 12. Ng3 d5 13. exd5 Bxd5 14. Bxd5 Nxd5 15. Re1 Bf6 16. Nh5 Re8 17. c4 N5b6 18. Qc2 e4 19. dxe4 Nxc4 20. Rb1 Nde5 21. Nxf6+ Qxf6 22. Nxe5 Nxe5 23. b3 Qg6 24. Re3 Qd6 25. Bb2 Rad8 26. Rc1 Rd7 27. f4 Ng6 28. g3 f6 29. b4 h5 30. h4 Nxh4 31. e5 fxe5 32. gxh4 Qf6 33. Bxe5 Qxh4 34. Qa2+ Kh8 35. Qg2 Re6 36. Rh3 Qd8 37. Rxh5+ Kg8 38. Qg4 Qe8 39. Qh3 Qg6+ 40. Rg5 Qe8 41. Rc2 Rd1+ 42. Kh2 Rd7 43. Rcg2 Ree7 44. Rh5 1-0

[Event "NRW Class2 1011"]
[Site "Germany"]
[Date "2011.01.30"]
[Round "6.3"]
[White "Tochtrop, Matthias"]
[Black "Mantler, Hendrik"]
[Result "1/2-1/2"]
[WhiteElo "2186"]
[BlackElo "2171"]
[PlyCount "43"]
[EventDate "2010.09.26"]
[EventType "team-tourn"]
[EventRounds "9"]
[EventCountry "GER"]
[SourceTitle "EXT 2012"]
[Source "ChessBase"]
[SourceDate "2011.11.24"]
[SourceVersion "1"]
[SourceVersionDate "2011.11.24"]
[SourceQuality "1"]
[WhiteTeam "Mettmann Sport"]
[BlackTeam "Elberfeld"]
[WhiteTeamCountry "GER"]
[BlackTeamCountry "GER"]

1. e4 e5 2. Nf3 Nc6 3. d3 Nf6 4. Nbd2 Bc5 5. Be2 h6 6. c3 a6 7. 0-0 d6 8. Nc4 Ba7 9. Be3 0-0 10. h3 Re8 11. Bxa7 Rxa7 12. Qc2 Ra8 13. Nh2 d5 14. Ne3 Ne7 15. Nhg4 Nxg4 16. hxg4 c6 17. g3 Ng6 18. Kg2 Qd6 19. Rh1 Be6 20. Rh5 Rad8 21. Nf5 Bxf5 22. gxf5 1/2-1/2

[Event "GER CupT"]
[Site "Germany"]
[Date "2011.01.23"]
[Round "2.2"]
[White "Mantler, Hendrik"]
[Black "Kuklin, Valentin"]
[Result "1-0"]
[WhiteElo "2171"]
[BlackElo "2299"]
[PlyCount "25"]
[EventDate "2011.01.22"]
[EventType "team-k.o."]
[EventRounds "6"]
[EventCountry "GER"]
[SourceTitle "EXT 2016"]
[Source "ChessBase"]
[SourceDate "2015.10.08"]
[SourceVersion "1"]
[SourceVersionDate "2015.10.08"]
[SourceQuality "1"]
[WhiteTeam "Elberfeld"]
[BlackTeam "Saarbruecken"]
[WhiteTeamCountry "GER"]
[BlackTeamCountry "GER"]

1. e4 e6 2. d4 d5 3. Nc3 Nf6 4. Bg5 Bb4 5. e5 h6 6. exf6 hxg5 7. fxg7 Rg8 8. h4 gxh4 9. Qh5 Qf6 10. 0-0-0 Qxg7 11. Qxh4 Nc6 12. Nb5 Ba5 13. Qf4 1-0

[Event "NRW Class2 1011"]
[Site "Germany"]
[Date "2010.11.28"]
[Round "3.3"]
[White "Mantler, Hendrik"]
[Black "Langers, Alexander"]
[Result "1-0"]
[WhiteElo "2171"]
[BlackElo "2214"]
[PlyCount "41"]
[EventDate "2010.09.26"]
[EventType "team-tourn"]
[EventRounds "9"]
[EventCountry "GER"]
[SourceTitle "EXT 2012"]
[Source "ChessBase"]
[SourceDate "2011.11.24"]
[SourceVersion "1"]
[SourceVersionDate "2011.11.24"]
[SourceQuality "1"]
[WhiteTeam "Elberfeld"]
[BlackTeam "Herne Sodingen"]
[WhiteTeamCountry "GER"]
[BlackTeamCountry "GER"]

1. e4 c5 2. Nf3 e6 3. d4 cxd4 4. Nxd4 Nc6 5. Nc3 a6 6. Bc4 Qc7 7. Bb3 Nf6 8. a3 b5 9. Be3 Ne5 10. Qe2 Neg4 11. Bg5 Bc5 12. 0-0-0 Qb6 13. Nf5 0-0 14. Nxg7 Kxg7 15. e5 Be7 16. exf6+ Nxf6 17. Ne4 Ng8 18. Qg4 Kh8 19. Bxe7 Nxe7 20. Nf6 Ng8 21. Nh5 1-0

[Event "NRW Class2 1011"]
[Site "Germany"]
[Date "2010.10.24"]
[Round "2.3"]
[White "Di Franco, Patricio"]
[Black "Mantler, Hendrik"]
[Result "1/2-1/2"]
[WhiteElo "2163"]
[BlackElo "2171"]
[PlyCount "27"]
[EventDate "2010.09.26"]
[EventType "team-tourn"]
[EventRounds "9"]
[EventCountry "GER"]
[SourceTitle "EXT 2012"]
[Source "ChessBase"]
[SourceDate "2011.11.24"]
[SourceVersion "1"]
[SourceVersionDate "2011.11.24"]
[SourceQuality "1"]
[WhiteTeam "Koeln Lasker"]
[BlackTeam "Elberfeld"]
[WhiteTeamCountry "GER"]
[BlackTeamCountry "GER"]

1. d4 Nf6 2. c4 e6 3. g3 d5 4. Nf3 Be7 5. Bg2 0-0 6. 0-0 dxc4 7. Qc2 a6 8. Nbd2 b5 9. Ng5 Ra7 10. b3 Nbd7 11. bxc4 bxc4 12. Nxc4 c5 13. Ne5 Bb7 14. Bxb7 1/2-1/2

[Event "NRW Class2 1011"]
[Site "Germany"]
[Date "2010.09.26"]
[Round "1.2"]
[White "Chilla, Jan Eric"]
[Black "Mantler, Hendrik"]
[Result "1/2-1/2"]
[WhiteElo "2143"]
[BlackElo "2171"]
[PlyCount "43"]
[EventDate "2010.09.26"]
[EventType "team-tourn"]
[EventRounds "9"]
[EventCountry "GER"]
[SourceTitle "EXT 2012"]
[Source "ChessBase"]
[SourceDate "2011.11.24"]
[SourceVersion "1"]
[SourceVersionDate "2011.11.24"]
[SourceQuality "1"]
[WhiteTeam "Muenster II"]
[BlackTeam "Elberfeld"]
[WhiteTeamCountry "GER"]
[BlackTeamCountry "GER"]

1. d4 Nf6 2. c4 e6 3. Nf3 d5 4. Nc3 Nbd7 5. Bg5 Bb4 6. cxd5 exd5 7. e3 c5 8. Bxf6 Qxf6 9. a3 Bxc3+ 10. bxc3 c4 11. Be2 0-0 12. 0-0 Nb6 13. Ne1 Bd7 14. g3 Na4 15. Qd2 Rfe8 16. Ng2 Qd6 17. Bd1 b5 18. f3 Bf5 19. Bc2 Bxc2 20. Qxc2 Qg6 21. Qxg6 hxg6 22. Rfc1 1/2-1/2

[Event "NRW Class1 0910"]
[Site "Germany"]
[Date "2009.09.20"]
[Round "1.2"]
[White "Muschik, Benedikt"]
[Black "Mantler, Hendrik"]
[Result "1-0"]
[WhiteElo "2284"]
[BlackElo "2159"]
[PlyCount "75"]
[EventDate "2009.09.20"]
[EventType "team-tourn"]
[EventRounds "9"]
[EventCountry "GER"]
[SourceTitle "EXT 2011"]
[Source "ChessBase"]
[SourceDate "2010.11.26"]
[SourceVersion "1"]
[SourceVersionDate "2010.11.26"]
[SourceQuality "1"]
[WhiteTeam "Neuenkirchen"]
[BlackTeam "Elberfeld"]
[WhiteTeamCountry "GER"]
[BlackTeamCountry "GER"]

1. d4 Nf6 2. Bf4 g6 3. e3 Bg7 4. Nf3 0-0 5. Be2 d6 6. h3 Nbd7 7. 0-0 b6 8. a4 a5 9. Na3 Bb7 10. Nb5 Ne4 11. c3 Ndf6 12. Ne1 Nd5 13. Bh2 c5 14. Nc2 Nc7 15. Nca3 Nxb5 16. Bxb5 d5 17. Be2 Re8 18. Bb5 Rf8 19. Bd3 Nd6 20. Nb5 Nxb5 21. Bxb5 e6 22. Qe2 Qe7 23. Rfd1 e5 24. Rac1 Rfd8 25. Rc2 Rac8 26. dxe5 Bxe5 27. Bxe5 Qxe5 28. Rcd2 Rd6 29. f4 Qe6 30. e4 d4 31. e5 Rdd8 32. cxd4 cxd4 33. Rxd4 Rxd4 34. Rxd4 Rc1+ 35. Kh2 Qc8 36. Rd2 Qf5 37. Qe3 Ra1 38. e6 1-0

[Event "GER-ch Net qual4 U25"]
[Site "Playchess.com INT"]
[Date "2009.06.17"]
[Round "5"]
[White "Andok, Claus Michael"]
[Black "Mantler, Hendrik"]
[Result "1-0"]
[WhiteElo "2085"]
[BlackElo "2164"]
[PlyCount "131"]
[EventDate "2009.06.17"]
[EventType "swiss (blitz)"]
[EventRounds "7"]
[EventCountry "GER"]
[SourceTitle "CBM 130 Extra"]
[Source "ChessBase"]
[SourceDate "2009.07.02"]
[SourceVersion "2"]
[SourceVersionDate "2009.07.15"]
[SourceQuality "1"]

1. e4 e5 2. Nf3 Nc6 3. Bb5 a6 4. Ba4 Nf6 5. 0-0 Be7 6. Re1 b5 7. Bb3 0-0 8. h3 d6 9. c3 Bb7 10. d4 Re8 11. Nbd2 exd4 12. cxd4 Na5 13. Bc2 c5 14. e5 Nd5 15. Ne4 dxe5 16. dxe5 Nb4 17. Bb1 Qxd1 18. Rxd1 Rad8 19. Nd6 Bxd6 20. exd6 Re6 21. Bf4 Nc4 22. Bf5 Re2 23. b3 Nb6 24. a3 N4d5 25. Bg3 g6 26. Bd3 Re6 27. Ng5 Ree8 28. Ne4 Nd7 29. Bc2 N5f6 30. Ng5 h6 31. Nf3 Nf8 32. a4 b4 33. Nd2 Ne4 34. Bxe4 Bxe4 35. Rac1 Nd7 36. Nc4 Bc6 37. f3 Re6 38. Bf2 Rc8 39. Rd2 Ba8 40. Rdc2 Kf8 41. Bg3 f5 42. Bf4 g5 43. Bg3 f4 44. Bf2 Kf7 45. Rd1 Bc6 46. Na5 Ba8 47. h4 Re5 48. hxg5 hxg5 49. Nc4 Rd5 50. Nd2 Rxd6 51. Rdc1 Rd5 52. Ne4 Re5 53. Nd6+ Kf6 54. Nxc8 Bd5 55. Rb2 Nf8 56. Nd6 Ne6 57. Nc4 Rf5 58. Nd6 Re5 59. Re1 Rxe1+ 60. Bxe1 Ke5 61. Ne4 Nd4 62. Nxc5 a5 63. Bf2 Nf5 64. Re2+ Kf6 65. Ne4+ Kg6 66. Nd2 1-0

[Event "GER-ch Net qual4 U25"]
[Site "Playchess.com INT"]
[Date "2009.06.17"]
[Round "7"]
[White "Hastrich, Julian"]
[Black "Mantler, Hendrik"]
[Result "1-0"]
[WhiteElo "2068"]
[BlackElo "2164"]
[PlyCount "99"]
[EventDate "2009.06.17"]
[EventType "swiss (blitz)"]
[EventRounds "7"]
[EventCountry "GER"]
[SourceTitle "CBM 130 Extra"]
[Source "ChessBase"]
[SourceDate "2009.07.02"]
[SourceVersion "2"]
[SourceVersionDate "2009.07.15"]
[SourceQuality "1"]

1. e4 e5 2. Nf3 Nc6 3. Bb5 a6 4. Ba4 Nf6 5. 0-0 Be7 6. Re1 b5 7. Bb3 0-0 8. c3 d6 9. h3 Nb8 10. d4 Nbd7 11. Nbd2 Bb7 12. Nf1 Re8 13. Ng3 g6 14. Bh6 c6 15. Ng5 d5 16. dxe5 Nxe5 17. f4 Nc4 18. e5 Ne4 19. N3xe4 dxe4 20. Qxd8 Raxd8 21. Bxc4 bxc4 22. Nxe4 c5 23. Kf2 Bh4+ 24. g3 Bxe4 25. Rxe4 Rd2+ 26. Kf3 Be7 27. Re2 Red8 28. Rae1 R8d3+ 29. Kf2 a5 30. Rxd2 Rxd2+ 31. Re2 Rd3 32. a4 Bf8 33. Bg5 h6 34. Bf6 Bg7 35. Bxg7 Kxg7 36. h4 h5 37. Re4 Rd2+ 38. Ke3 Rxb2 39. Rxc4 Ra2 40. Ke4 Rg2 41. Rxc5 Rxg3 42. c4 Rg4 43. Rxa5 Rxh4 44. c5 g5 45. c6 Rxf4+ 46. Kd5 Rf1 47. c7 Rd1+ 48. Kc6 Rc1+ 49. Rc5 Rxc5+ 50. Kxc5 1-0

[Event "GER-ch Net qual3 U25"]
[Site "Playchess.com INT"]
[Date "2009.05.17"]
[Round "7"]
[White "Rietze, Clemens"]
[Black "Mantler, Hendrik"]
[Result "1-0"]
[WhiteElo "2194"]
[BlackElo "2164"]
[PlyCount "63"]
[EventDate "2009.05.17"]
[EventType "swiss (blitz)"]
[EventRounds "7"]
[EventCountry "GER"]
[SourceTitle "CBM 130 Extra"]
[Source "ChessBase"]
[SourceDate "2009.07.02"]
[SourceVersion "2"]
[SourceVersionDate "2009.07.15"]
[SourceQuality "1"]

1. d4 Nf6 2. c4 e6 3. Nf3 d5 4. Nc3 Be7 5. Bg5 0-0 6. e3 Nbd7 7. Bd3 a6 8. c5 Re8 9. Bf4 Nh5 10. Be5 f5 11. 0-0 Bf6 12. b4 Bxe5 13. Nxe5 Nxe5 14. dxe5 Qh4 15. f4 g5 16. fxg5 Qxg5 17. Qf3 Kh8 18. Ne2 Bd7 19. Kh1 Rg8 20. Rf2 Bb5 21. Bxb5 axb5 22. Nd4 Ra3 23. Re1 Rg6 24. Nxb5 Ra4 25. a3 c6 26. Nd6 Rxa3 27. Nf7+ Kg7 28. Nxg5 Rxg5 29. Rff1 Kg6 30. Ra1 Rxa1 31. Rxa1 Ng7 32. Ra7 1-0

[Event "GER-ch Net qual2 U25"]
[Site "Playchess.com INT"]
[Date "2009.05.13"]
[Round "3"]
[White "Coenen, Michael"]
[Black "Mantler, Hendrik"]
[Result "1-0"]
[WhiteElo "2260"]
[BlackElo "2164"]
[PlyCount "109"]
[EventDate "2009.05.13"]
[EventType "swiss (blitz)"]
[EventRounds "7"]
[EventCountry "GER"]
[SourceTitle "CBM 130 Extra"]
[Source "ChessBase"]
[SourceDate "2009.07.02"]
[SourceVersion "2"]
[SourceVersionDate "2009.07.15"]
[SourceQuality "1"]

1. e4 e5 2. Nf3 Nc6 3. Bb5 a6 4. Ba4 Nf6 5. 0-0 Be7 6. Re1 b5 7. Bb3 0-0 8. h3 d6 9. c3 Nb8 10. a4 Bb7 11. d3 Nbd7 12. Nbd2 c5 13. Nf1 c4 14. dxc4 Bxe4 15. cxb5 axb5 16. Ng3 Bg6 17. Be3 bxa4 18. Rxa4 Rxa4 19. Bxa4 Nb6 20. Bb3 Qc7 21. Nh4 Rb8 22. Ngf5 Bf8 23. Re2 Nfd7 24. Rd2 Nc5 25. Ba2 Ne4 26. Rd3 Nc8 27. Qe2 Nc5 28. Rd2 Nb3 29. Rd1 Qa5 30. Bb1 Qc7 31. Qg4 Nc5 32. Ba2 Nb3 33. Qa4 Qb7 34. Qg4 Bxf5 35. Nxf5 g6 36. Bb1 Nc5 37. b4 Na4 38. Bd2 Qc7 39. Qg3 Rb7 40. Ne3 Rb6 41. Nd5 Qb7 42. Nxb6 Naxb6 43. Ba2 Qc7 44. Qf3 Nc4 45. Bc1 N8b6 46. Be3 Bg7 47. Bxb6 Nxb6 48. Rc1 Qd7 49. c4 Nc8 50. c5 Qe7 51. Qd5 dxc5 52. Rxc5 Na7 53. b5 h5 54. b6 Qb7 55. Qxb7 1-0

[Event "GER-ch Net qual1 U25"]
[Site "Playchess.com INT"]
[Date "2009.05.10"]
[Round "1"]
[White "Figura, Atila Gajo"]
[Black "Mantler, Hendrik"]
[Result "1-0"]
[WhiteElo "2417"]
[BlackElo "2164"]
[PlyCount "87"]
[EventDate "2009.05.10"]
[EventType "swiss (blitz)"]
[EventRounds "7"]
[EventCountry "GER"]
[SourceTitle "CBM 130 Extra"]
[Source "ChessBase"]
[SourceDate "2009.07.02"]
[SourceVersion "2"]
[SourceVersionDate "2009.07.15"]
[SourceQuality "1"]

1. d4 Nf6 2. c4 e6 3. Nc3 d5 4. Nf3 Bb4 5. Qa4+ Nc6 6. Bg5 Bd7 7. Qb3 0-0 8. e3 dxc4 9. Bxc4 h6 10. Bh4 Re8 11. 0-0 Be7 12. Qc2 Nd5 13. Bg3 Ncb4 14. Qe2 c5 15. Ne4 cxd4 16. Nxd4 Nf6 17. Nd6 Bxd6 18. Bxd6 Nc6 19. Nxc6 Bxc6 20. Be5 Qe7 21. Rfd1 Red8 22. f3 a6 23. Rdc1 Rac8 24. a3 Rd7 25. Bc3 Rcd8 26. Be1 Nd5 27. e4 Nf4 28. Qf2 Nd3 29. Bxd3 Rxd3 30. Rc2 Ba4 31. Rc5 b6 32. Rc3 Rxc3 33. Bxc3 Qc5 34. Qxc5 bxc5 35. Kf2 Rd1 36. Rxd1 Bxd1 37. Ke3 Bb3 38. Be5 g6 39. Bd6 c4 40. Kd4 Kg7 41. Bb4 Kf6 42. Kc5 Ke5 43. g3 Bd1 44. Bc3# 1-0

[Event "Moehnesee Cup-A"]
[Site "Moehnesee"]
[Date "2005.08.20"]
[Round "4"]
[White "Mantler, Hendrik"]
[Black "Rehberg, Raphael"]
[Result "1/2-1/2"]
[WhiteElo "2039"]
[BlackElo "2233"]
[PlyCount "129"]
[EventDate "2005.08.18"]
[EventType "swiss"]
[EventRounds "7"]
[EventCountry "GER"]
[SourceTitle "CBM 108 Extra"]
[Source "ChessBase"]
[SourceDate "2005.11.04"]
[SourceVersion "1"]
[SourceVersionDate "2005.11.04"]
[SourceQuality "1"]

1. e4 c5 2. Nf3 e6 3. d4 cxd4 4. Nxd4 a6 5. Nc3 Qc7 6. Bd3 Nf6 7. 0-0 Bc5 8. Nb3 Be7 9. Re1 d6 10. Bf4 Nbd7 11. Qd2 0-0 12. Rad1 b5 13. a3 Bb7 14. Bf1 e5 15. Bg5 Rfd8 16. f3 Rac8 17. Nc1 Nb6 18. Qf2 h6 19. Be3 Nc4 20. Bxc4 Qxc4 21. Nd3 Qe6 22. Bb6 Rd7 23. Nb4 d5 24. exd5 Nxd5 25. Ncxd5 Bxd5 26. Nd3 f6 27. Nf4 Qc6 28. Nxd5 Rxd5 29. c3 Rb8 30. Be3 Rbd8 31. Qc2 a5 32. Rxd5 Qxd5 33. Re2 Bc5 34. Bxc5 Qxc5+ 35. Kf1 Qd5 36. Ke1 Kf7 37. Rd2 Qxd2+ 38. Qxd2 Rxd2 39. Kxd2 Ke6 40. b3 Kd5 41. Kd3 a4 42. c4+ bxc4+ 43. bxc4+ Kc5 44. g4 g6 45. h4 h5 46. Kc3 f5 47. gxh5 gxh5 48. Kd3 e4+ 49. fxe4 fxe4+ 50. Kxe4 Kxc4 51. Ke3 Kc3 52. Ke4 Kc2 53. Kd4 Kb2 54. Kc4 Kxa3 55. Kc3 Ka2 56. Kc2 a3 57. Kc1 Kb3 58. Kb1 Kc3 59. Ka2 Kd3 60. Kxa3 Ke3 61. Kb3 Kf3 62. Kc2 Kg3 63. Kd2 Kxh4 64. Ke2 Kg3 65. Kf1 1/2-1/2

[Event "Moehnesee Cup-A"]
[Site "Moehnesee"]
[Date "2005.08.20"]
[Round "5"]
[White "Wagner, Christian"]
[Black "Mantler, Hendrik"]
[Result "0-1"]
[WhiteElo "2252"]
[BlackElo "2039"]
[PlyCount "72"]
[EventDate "2005.08.18"]
[EventType "swiss"]
[EventRounds "7"]
[EventCountry "GER"]
[SourceTitle "CBM 108 Extra"]
[Source "ChessBase"]
[SourceDate "2005.11.04"]
[SourceVersion "1"]
[SourceVersionDate "2005.11.04"]
[SourceQuality "1"]

1. e4 e5 2. Nf3 Nc6 3. Bb5 a6 4. Ba4 Nf6 5. 0-0 Be7 6. Re1 b5 7. Bb3 0-0 8. d3 d6 9. h3 Na5 10. Nbd2 c5 11. c3 Rb8 12. Bc2 b4 13. cxb4 Rxb4 14. Nb3 Nc6 15. Bd2 Rb8 16. Bc3 Be6 17. Nbd2 Ne8 18. Ba4 Nd4 19. a3 Nb5 20. Qc2 f6 21. b4 Nxc3 22. Qxc3 cxb4 23. axb4 d5 24. Reb1 Qd6 25. exd5 Bxd5 26. b5 axb5 27. Rxb5 Nc7 28. Rxb8 Rxb8 29. Ne4 Qb6 30. Rc1 Ne6 31. Bc6 Rc8 32. Bxd5 Rxc3 33. Rxc3 Kf8 34. Rc8+ Nd8 35. Kh2 Qa6 36. Rc3 Qa5 0-1

[Event "Dortmund op-A"]
[Site "Dortmund"]
[Date "2004.07.28"]
[Round "6"]
[White "Conrad, Joachim"]
[Black "Mantler, Hendrik"]
[Result "0-1"]
[WhiteElo "1960"]
[BlackElo "2097"]
[PlyCount "92"]
[EventDate "2004.07.??"]
[EventType "swiss"]
[EventRounds "9"]
[EventCountry "GER"]
[SourceTitle "EXT 2006"]
[Source "ChessBase"]
[SourceDate "2005.11.24"]
[SourceVersion "1"]
[SourceVersionDate "2005.11.24"]
[SourceQuality "1"]

1. d4 Nf6 2. Nf3 e6 3. e3 Be7 4. Bd3 d5 5. 0-0 0-0 6. b3 Nbd7 7. Bb2 c5 8. Nbd2 b6 9. Ne5 Bb7 10. f4 Ne4 11. Nxe4 dxe4 12. Be2 Nf6 13. c4 Ne8 14. Qd2 Qc7 15. Qc3 Rd8 16. Rad1 f6 17. Ng4 Nd6 18. Kh1 Nf5 19. a3 cxd4 20. exd4 Bd6 21. Bc1 Kh8 22. b4 Ne7 23. Qb3 Ng6 24. Qe3 f5 25. Ne5 Bxe5 26. dxe5 Rf7 27. Rxd8+ Qxd8 28. Rd1 Rd7 29. Rxd7 Qxd7 30. h3 Qd8 31. Bd2 Qh4 32. Kh2 Qd8 33. Be1 h6 34. a4 Qd7 35. a5 bxa5 36. b5 Qc7 37. c5 Bd5 38. b6 axb6 39. cxb6 Qb8 40. Bxa5 Bb7 41. Bb4 Qc8 42. Bd6 Qc2 43. Qg3 Nxf4 44. Qxf4 Qxe2 45. h4 e3 46. Be7 Qxg2# 0-1

[Event "Dortmund op-A"]
[Site "Dortmund"]
[Date "2004.07.26"]
[Round "4"]
[White "Sokalsky, Alexander"]
[Black "Mantler, Hendrik"]
[Result "1-0"]
[WhiteElo "2220"]
[BlackElo "2097"]
[PlyCount "109"]
[EventDate "2004.07.??"]
[EventType "swiss"]
[EventRounds "9"]
[EventCountry "GER"]
[SourceTitle "EXT 2006"]
[Source "ChessBase"]
[SourceDate "2005.11.24"]
[SourceVersion "1"]
[SourceVersionDate "2005.11.24"]
[SourceQuality "1"]

1. c4 c5 2. Nc3 Nf6 3. g3 g6 4. Bg2 Bg7 5. e3 0-0 6. Nge2 Nc6 7. d4 d6 8. 0-0 Rb8 9. b3 a6 10. Bb2 Na7 11. a4 Bd7 12. h3 Qc7 13. Nf4 e6 14. a5 Nc6 15. dxc5 dxc5 16. Ra3 Rfd8 17. Qa1 Ne8 18. Ne4 Bxb2 19. Qxb2 Nxa5 20. Qc3 b6 21. Nf6+ Nxf6 22. Qxf6 Bc8 23. h4 Qd6 24. h5 e5 25. Qxd6 Rxd6 26. Nd5 Nc6 27. hxg6 hxg6 28. f4 exf4 29. gxf4 a5 30. Kf2 Kg7 31. Raa1 Be6 32. Rh1 Nb4 33. e4 Bxd5 34. cxd5 Rf6 35. Kg3 Nc2 36. Ra2 Nd4 37. Bh3 Rh8 38. e5 Rf5 39. Bxf5 Rxh1 40. Bc8 Rd1 41. d6 Rd3+ 42. Kg4 Rxb3 43. f5 gxf5+ 44. Bxf5 Rb4 45. Be4 Ne6 46. Kf5 a4 47. Rg2+ Kf8 48. Rh2 Nd4+ 49. Kf6 Ke8 50. Rh8+ Kd7 51. Rf8 Rb2 52. Rxf7+ Kd8 53. e6 Rf2+ 54. Ke5 Nxe6 55. Rxf2 1-0